000 00644nam a22001817a 4500
005 20251108174716.0
008 250721s2008 xx 000 0 ara d
082 1 4 _a928.1/جمع
100 1 _aجمعة، عبد العزيز
_eمؤلف
245 1 0 _aالأديب الكبير أبو القاسم محمد كرو تكريم و تحية /
264 1 _aالكويت :
_bمؤسسة جائزة عبد العزيز سعود البابطين للإبداع الشعري،
_c2008.
300 _a372 ص.
650 1 7 _aالادباا العرب
650 1 7 _aالادب العربي
650 1 7 _aتونس
942 _2ddc
_cBK
999 _c116011
_d116011